000 00983cab a2200313 4500
001 ABS42023
008 090401t1990 xxu||||| |||| 00| 0 eng d
035 _a(Sirsi) u34153
041 _aeng
100 _aMitchell, P.
245 _aReclaiming derelict metalliferous mining land
260 _c1990
350 _a0
490 _aLand & Minerals Surveying
_v8(1) January 1990, 7-17(11)
520 _aConsiders the need for reclamation of areas of derelict mining land, in Derbyshire and Cornwall. Problems encountered in treating these areas are described, together with possible solutions.
650 _aContamination
_96231
650 _aDERELICT LAND
650 _aHEAVY METALS
650 _aLAND RECLAMATION
650 _aMETALLIFEROUS MINING
650 _aMINE WASTE
650 _aMINERAL WORKINGS
650 _aSOIL IMPROVEMENT
650 _aSPOIL HEAPS
650 _aTOXIC WASTE
690 _aMINING AND MINERALS
942 _n0
948 _c04/03/1997
999 _c22660
_d22660